سو نے کی چڑ يا (Record no. 174278)

MARC details
000 -LEADER
fixed length control field 00668nam a22001937a 4500
005 - DATE AND TIME OF LATEST TRANSACTION
control field 20200601162023.0
010 ## - LCCN (DPL NO)
LC control number UR-10771
020 ## - INTERNATIONAL STANDARD BOOK NUMBER
Terms of availability 200.00
International Standard Book Number 9789384255527
035 ## - SYSTEM CONTROL NUMBER
System control number U-9326
037 ## - SOURCE OF ACQUISITION
Source of stock number/acquisition DBAD/PUB
Stock number -
082 ## - DEWEY DECIMAL CLASSIFICATION NUMBER
Classification number ک
100 ## - MAIN ENTRY--PERSONAL NAME
Personal name محمد عبد ا لقد و س ر ضو ا ن
245 ## - TITLE STATEMENT
Title سو نے کی چڑ يا
Statement of responsibility, etc محمد عبد ا لقد و س ر ضو ا ن
246 ## - VARYING FORM OF TITLE
Remainder of title Sone Ki Chidya (Urdu)
Title proper/short title by Mohd. Abdul Quddoos Rizwan
260 ## - PUBLICATION, DISTRIBUTION, ETC. (IMPRINT)
Place of publication, distribution, etc Delhi
Name of publisher, distributor, etc Educational Publishing House
Date of publication, distribution, etc 2018 ء
270 ## - ADDRESS
Address 3191,Vakil Street,Kucha Pandit Lal Kuan,
City Delhi
Postal code 110006
Telephone number 23216162
Fax number -
300 ## - PHYSICAL DESCRIPTION
Extent 100 ص
Dimensions 22 Cm(Hb)
942 ## - ADDED ENTRY ELEMENTS (KOHA)
Source of classification or shelving scheme Dewey Decimal Classification
Item type Urdu Bks
Classification part ک
Call number suffix ر ض و
Holdings
Withdrawn status Lost status Not for loan Collection code Home library Current library Date acquired Source of acquisition Cost, normal purchase price Full call number Barcode Copy number Cost, replacement price Koha item type
      Non-fiction Central Library Central Library 01/06/2020 DBAD/PUB 200.00 ک ر ض و U-9326 1 200.00 Urdu Bks

© Delhi Public Library
Hit Counter
free hit counter